| 000 | 03708cgm a2200757Ii 4500 | ||
|---|---|---|---|
| 001 | ocn893440072 | ||
| 003 | OCoLC | ||
| 005 | 20241220161216.0 | ||
| 007 | vd cvaizq | ||
| 008 | 141020s2014 xxu130 vleng d | ||
| 040 |
_aTEFMT _beng _erda _cTEFMT _dTEF _dTEFMT _dMR0 _dIK2 _dGK8 _dUINTA |
||
| 024 | 1 | _a024543888192 | |
| 024 | 1 | _a024543888208 | |
| 028 | 4 | 2 |
_a2288819 _b20th Century Fox |
| 029 | 1 |
_aNZ1 _b15729597 |
|
| 029 | 1 |
_aAU@ _b000053741646 |
|
| 035 | _a(OCoLC)893440072 | ||
| 041 | 1 |
_aeng _aspa _afre _jspa _jfre _jeng _heng |
|
| 050 | 4 |
_aPN1997.2 _b.D39 2014 |
|
| 082 | 0 | 4 |
_a791.43/72 _223 |
| 049 | _aUCLB | ||
| 092 | _a791.437 | ||
| 130 | 0 |
_aDawn of the planet of the apes (Motion picture) _96462250 |
|
| 245 | 1 | 0 |
_aDawn of the planet of the apes / _cTwentieth Century Fox presents ; written by Mark Bomback and Rich Jaffa & Amanda Silver ; directed by Matt Reeves. |
| 264 | 1 |
_a[United States] : _bTwentieth Century Fox Home Entertainment, LLC, _c2014. |
|
| 300 |
_a1 videodisc (130 min.) : _bsound, color ; _c4 3/4 in. |
||
| 336 | _atwo-dimensional moving image | ||
| 337 | _avideo | ||
| 338 | _avideodisc | ||
| 344 |
_adigital _boptical _2rda |
||
| 347 |
_avideo file _bDVD video _2rda |
||
| 538 | _aDVD; anamorphic widescreen (1.85:1) presentation ; Dolby digital 5.1 surround (English and English DVS) and 2.0 stereo. surround (French and Spanish). | ||
| 546 | _aIn English, dubbed Spanish or dubbed French, with optional subtitles in English or Spanish. | ||
| 546 | _aClosed-captioned. | ||
| 546 | _aOptional descriptive audio in English for the visually impaired. | ||
| 588 | 0 | _aTitle from web page. | |
| 511 | 1 | _aAndy Serkis, Gary Oldman, Jason Clarke, Keri Russell, Judy Greer, Kodi Smit-McPhee, Kevin Rankin, Toby Kebbell, Kirk Acevedo, Enrique Murciano. | |
| 508 | _aMusic, Michael Giacchino ; editors, William Hoy, Stan Salfas ; director of photography, Michael Seresin. | ||
| 500 | _aDVD release of the 2014 motion picture. | ||
| 521 | 8 | _aMPAA rating: PG-13; for intense sequences of sci-fi violence and action, and brief strong language. | |
| 520 | _aA growing nation of genetically evolved apes led by Caesar is threatened by a band of human survivors of the devastating virus unleashed a decade earlier. They reach a fragile peace, but it proves short-lived, as both sides are brought to the brink of a war that will determine who will emerge as Earth's dominant species. | ||
| 500 | _aSpecial features: Andy Serkis: rediscovering Caesar ; gallery. | ||
| 650 | 0 |
_aApes _vDrama. _95730195 |
|
| 650 | 0 |
_aTransgenic animals _vDrama. _96462251 |
|
| 650 | 0 |
_aWar _vDrama. _95766685 |
|
| 655 | 7 |
_aScience fiction films. _2lcgft |
|
| 655 | 7 |
_aAction and adventure films. _2lcgft |
|
| 655 | 7 |
_aFeature films. _2lcgft |
|
| 655 | 7 |
_aFiction films. _2lcgft |
|
| 655 | 7 |
_aVideo recordings for the hearing impaired. _2lcgft |
|
| 655 | 7 |
_aVideo recordings for people with visual disabilities. _2lcgft _95676923 |
|
| 700 | 1 |
_aReeves, Matt, _d1966- _efilm director. _95956407 |
|
| 700 | 1 |
_aBomback, Mark, _escreenwriter. _970539 |
|
| 700 | 1 |
_aJaffa, Rick, _escreenwriter. |
|
| 700 | 1 |
_aSilver, Amanda, _escreenwriter. _96230216 |
|
| 700 | 1 |
_aSerkis, Andy, _eactor. _959379 |
|
| 700 | 1 |
_aOldman, Gary, _eactor. _939413 |
|
| 700 | 1 |
_aClarke, Jason, _d1969- _eactor. _95777076 |
|
| 700 | 1 |
_aRussell, Keri, _d1976- _eactor. _965390 |
|
| 700 | 1 |
_aGreer, Judy, _d1975- _eactor. _95953882 |
|
| 700 | 1 |
_aSmit-McPhee, Kodi, _eactor. _95895552 |
|
| 700 | 1 |
_aKebbell, Toby, _eactor. _95895554 |
|
| 700 | 1 |
_aAcevedo, Kirk, _eactor. _970718 |
|
| 710 | 2 |
_aTwentieth Century Fox Home Entertainment, Inc. _961951 |
|
| 994 |
_aC0 _bUINTA |
||
| 999 |
_c190757 _d190757 |
||